Countries With Land On and Below the Equator - Statistics

General Stats
  • This quiz has been taken 35 times
  • The average score is 39 of 48
Answer Stats
Countries % Correct
Democratic Republicof the Congo
97%
Brazil
93%
Chile
93%
Kenya
93%
Somalia
93%
Argentina
90%
Colombia
90%
Indonesia
90%
Republic ofthe Congo
90%
Zimbabwe
90%
Australia
87%
Ecuador
87%
Lesotho
87%
Peru
87%
South Africa
87%
Uruguay
87%
Zambia
87%
Angola
83%
Madagascar
83%
New Zealand
83%
Paraguay
83%
Samoa
83%
Uganda
83%
Eswatini
80%
Fiji
80%
Kiribati
80%
Namibia
80%
Rwanda
80%
Tonga
80%
Vanuatu
80%
Bolivia
77%
Botswana
77%
Malawi
77%
Mozambique
77%
Nauru
77%
Papua New Guinea
77%
Tanzania
77%
Tuvalu
77%
Burundi
73%
Gabon
73%
Solomon Islands
73%
Comoros
70%
East Timor
70%
Maldives
70%
Seychelles
70%
Ethiopia
67%
Mauritius
67%
Sao Tome andPrincipe
63%
No matching quizzes found
Score Distribution
Percent of People with Each Score
Percentile by Number Answered
Your Score History
You have not taken this quiz